[Event "75th Noteboom Open"]
[Site "Leiden NED"]
[Date "2015.02.15"]
[Round "6.4"]
[White "Van Den Doel, Erik"]
[Black "Miezis, Normunds"]
[Result "1-0"]
[WhiteTitle "GM"]
[BlackTitle "GM"]
[WhiteElo "2563"]
[BlackElo "2498"]
[WhiteFideId "1003720"]
[BlackFideId "11600136"]
[EventDate "2015.02.13"]

1. e4 c5 2. Nf3 e6 3. d4 cxd4 4. Nxd4 a6 5. Be2 Nf6 6. Nc3 Qc7 7. O-O Bc5 8. Be3
d6 9. Qd2 Nbd7 10. Nb3 Bxe3 11. Qxe3 b5 12. Qd4 e5 13. Qb4 O-O 14. a4 bxa4 15.
Rxa4 Rb8 16. Qa5 Rb6 17. Rb4 Qb8 18. Rxb6 Nxb6 19. Bxa6 Bxa6 20. Qxa6 Rc8 21.
Na5 g6 22. Rd1 Qc7 23. Qb7 Qc5 24. Nb3 Qb4 25. Ra1 Rc4 26. h3 Nfd7 27. Rd1 Kg7
28. Qa6 Nc5 29. Nxc5 Rxc5 30. Rxd6 Nc8 31. Rc6 Rxc6 32. Qxc6 Qxb2 33. Nd5 Qb8
34. Qf6+ Kg8 35. Kh2 Qd6 36. Kg3 Qxf6 37. Nxf6+ Kg7 38. Nd7 Nd6 39. Kf3 f6 40.
Ke3 Kf7 41. Kd3 Ke7 42. Nb6 Ke6 43. f3 f5 44. Nc4 fxe4+ 45. fxe4 Ne8 46. Nd2 Nd6
47. Nf3 h6 48. Nd2 g5 49. Nf1 h5 50. Ng3 h4 51. Nf5 Ne8 52. Ke3 Nf6 53. Kf3 Kd7
54. Ne3 Ke6 55. Nc4 g4+ 56. hxg4 Nh7 57. Nd2 Kd6 58. Ke3 Ng5 59. Nf3 h3 60. gxh3
Nxh3 61. g5 Nf4 62. Nh4 Ke6 63. c4 Nh3 64. g6 Kf6 65. c5 Nf4 66. c6 Ne6 67. Kf2
Ng5 68. g7 Kf7 69. Ke3 Ne6 70. Nf5 Nc7 71. Kd2 Nb5 72. Kc1 Nc7 73. Kd1 Ne6 74.
Kc1 Nc7 75. Kb1 Ne6 76. Ka2 Nc7 77. Kb3 Ne6 78. Kc4 Nc7 79. Kc5 Ne6+ 80. Kb6 1-0